000 00678nam a2200289Ia 4500
005 20260324120213.0
008 008 260324s9999 xx 000 0 eng d
020 _a9780429068140
037 _aEBOOK
040 _aCRL
040 _beng
040 _cCRL
041 _2eng
041 _aeng
084 _qCRL
100 _aCarol L. Stimmel
_91155040
245 0 _aBuilding Smart Cities
245 0 _bAnalytics, ICT, and Design Thinking
260 _bTaylor and Francis
260 _c2015
365 _a
365 _b240
856 _uhttp://www.taylorfrancis.com/books/9780429068140
942 _cEBOOK
999 _c1749046
_d1749046